000 00779nas a2200265 i 4500
001 1446
003 ES-MaACL
005 20250814013809.0
007 t|
008 950801d18601941fr | | 1 ||re d
080 _a44
245 0 3 _aLe Moniteur scientifique /
_cdir. Dr. Quesneville.
260 _aParis :
_bM. Quesneville,
_c1860-1941 (
_fL. Baudoin)
300 _a65 v. ;
_c27 cm.
310 _aMensual
362 0 _aAño I, v. I (1860)-(1941)
650 1 7 _aCiencias
_2embne
_910971
700 1 _aQuesneville,
_edir.
_9194196
700 1 _aSchützenberger, Paul (
_d1829-1897)
_9147526
700 0 _aGault, H.
_956007
785 0 7 _aRevue de chimie industrielle
_d1927
852 _aES-MaACL
_jHem-86
866 0 _o1886-1932,(1935).
999 _c1446
_d1446